| 000 | 00450nam a2200157 a 4500 | ||
|---|---|---|---|
| 005 | 20140414093842.0 | ||
| 008 | 081126s19uu xx 00 eng d | ||
| 050 |
_aCDR 370.1 _bTST 2007 |
||
| 100 | _aInternational Baccalaureate Organization | ||
| 245 |
_aIBO- Philosophy : _bTeacher support material. |
||
| 650 | _aPhilosophy. | ||
| 650 | _aTeacher support material. | ||
| 650 | _aInternationa Baccalaureate. | ||
| 942 | _cAVM | ||
| 999 |
_c109364 _d109364 |
||